00781nam a2200229Ia 4500003000900000008004100009020001800050040001600068080001500084100002500099245011700124260003800241300001500279650004100294650002700335650002400362650002000386700002500406942000700431999001500438952009800453IN-BaIIA211028s9999 xx 000 0 eng d a0-471-07100-5 cIIA Library a535.4bBER aBerne, Bruce J99907 0aDynamic light scatteringbwith applications to chemistry, biology and physicscBruce J. Berne and Robert Pecora. aNew YorkbJohn Wiley & Sonsc1976 avii, 376p. aAstronomy and astrophysics thesaurus aLight scattering93487 aLight sources99908 aMolecules94897 aPecora, Robert99909 cBK c5716d5716 00104070aBANbBANcGENd1978-02-21l0o535.4/ BERp6392r2021-11-05w1978-02-21yBK 26.50